Quizzes
Events
Quiz Creation
Community
Videos
Private Events
Remove Ads
Sign In
Join for FREE
Feedback
Dark Mode
Quiz Categories
Sports
Geography
Music
Movies
Television
Just For Fun
Miscellaneous
History
Literature
Language
Science
Gaming
Entertainment
Religion
Holiday
For Kids
Quiz Lab
Recent
Popular Today
Quiz Kudos Today
Editor Picks
Curator Picks
Quizzes by...
Day
Popularity
Type
Ratings
Length
Year
Community
Subscriptions
Recent Discussions
Orange Saloon
Badges
Playlists
Quests
Create
Leaderboards
Showdown
Live 5
Trivia Bingo
Activity
Puzzle Library
Sporcle Events
Private Events
Virtual Trivia
Globe League
Become a Host
Pub Owners
SporcleCon
Opinionation
Our Games
Videos
Blog
Mobile Apps
Partnerships
Remove Ads and Go Orange
Feedback
Music
Pop Music
The Beatles
Song
Album
Lyrics
Bands
Singers
Artist
Clip
Rock
Rap
Classical
Billboard
Country Music
Kpop
Taylor Swift
Music
Pop Music
The Beatles
Song
Album
Lyrics
Bands
Singers
Artist
Clip
Rock
Rap
Classical
Billboard
Country Music
Kpop
Taylor Swift
Random Quiz
Search Sporcle
×
Quiz Lab
Quiz Lab
Music
One Direction
Type in answers that appear in a list
Type in answers that appear in a list
Classic
Best Score? Go Orange.
One Direction Stats
Can you name the One Direction band members?
By
ozpoz144
6m
5 Questions
1,029 Plays
1,029 Plays
1,029 Plays
Comments
Comments
Give Quiz Kudos
Give Quiz Kudos
-
- Ratings
hide this ad
Replay
Link that replays current quiz
Next Quiz
Link to next quiz in quiz playlist
You Got
0%
They Got
Avg Score
98%
Avg Friend Score
Upgrade to see
Score Distribution
Jump to the score distribution portion of the page
Score
0/5
Timer
06:00
0
Plays Today
Fact
Name
% Correct
Loves cats
Harry Styles
99.9%
Hates spoons
Liam Payne
99%
Loves Nando's
Niall Horan
98.8%
Loves mirrors
Zayn Malik
98.5%
Loves carrots
Louis Tomlinson
98.2%
Quiz Playlist
Details
Report
Send in Message
Add To Playlist
Classic:
Type in answers that appear in a list
Last Updated: Feb 16, 2017
Quiz Scoreboard
CHALLENGE
Sign Up to Join the Scoreboard
Show All
Scores
Hide
Comments
May contain spoilers
Recently Published
Decade Duel: World Leaders
by jenniferyan
History
4m
Alphabetical 'K' Countries by Flag Minefield
by ylime102
Geography
3m
Pick 6: Fruits
by JohnFran
Miscellaneous
15s
More to Explore
Quiz From the Vault
Featured Blog Post
15 Basketball Trivia Facts You Can Be March Mad About
hide this ad
You Might Also Like...
Tags
One Direction
Today's Top Quizzes in Music
Browse Music
hide this ad
Today's Top Quizzes in One Direction
Browse One Direction
Top Contributed Quizzes in Music
1
Taylor Swift All Songs (2024)
2
KPOP LOGIC QUIZ
3
Taylor Swift Logic Puzzle
4
Decade Duel: Singer
5
Guess the Taylor Swift song (Mystery Song)
6
A Taylor Swift Logic Puzzle
7
Guess The Taylor Swift Lyrics Song #1
8
kpop group name match up
9
2 word kpop group match
10
K-Pop : 100 Debut Songs (Part 1 of 3)
Explore More
Trending Topics
Disney
NBA
Marvel
Anime
Kpop
Harry Potter
Crossword
Song
Soccer
Pokémon
NFL
WWE
Country
The Office
Puzzle
hide this ad
More By:
ozpoz144
Quiz
Plays
Rating
Category
Featured
Created
One Direction
1,029
2.14
Music
Jun 17, 2012
Harry Potter Surnames
89
2.00
Literature
Jun 16, 2012
Go to Creator's Profile
Score Distribution
Quiz Creator Spotlight
ozpoz144
Follow
Send a Message
Quizzes Created
-
Created Quiz Play Count
-
More By This Creator
Popular Quizzes Today
1
Countries of Asia Without Outlines Minefield
2
Find the US States - No Outlines Minefield
3
Pick 6: Fruits
4
The Countries of the World
5
Alphabetical 'K' Countries by Flag Minefield
6
Find the Countries of Europe - No Outlines Minefield
7
US States
8
Find the US States
More Music Quizzes
Twenty One Pilots: Self Titled Start to Finish
Quiz Lab
Trending Quizzes
Pick 6: Mountains
Pick 6: Harry Potter
Pick 6: Flags
Pick 6: NFL Teams
Pick 6: Movie Franchises
Recently Updated
Adaptations: Name the Title
pecheneg
NWSL Teams
pecheneg
Women's Final Four Teams by Year
bhenderson79
Presidents Quartet II
eogle
Anything But Clue(do)
eogle
Anything But Oceanian Capitals
eogle
Anything But 7
eogle
Anything But Thing
eogle
Word Ladder: February 29
pecheneg
Song Title Questions
pecheneg
Trending Topics
NBA
Harry Potter
Anime
Marvel
Crossword
Disney
Kpop
Pokémon
WWE
Country
NFL
Soccer
The Office
Song
Puzzle
Your Account Isn't Verified!
In order to create a playlist on Sporcle, you need to verify the email address you used during registration. Go to your
Sporcle Settings
to finish the process.
Report this User
Report this user for behavior that violates our
Community Guidelines
.
Details:
Send Report
Go to the Sporcle.com Mobile Site →
Comments